[Event "35th WCh U20 Girls"]
[Site "Tarvisio ITA"]
[Date "2017.11.25"]
[Round "11"]
[White "Ganzova, Veronika"]
[Black "February, Jesse Nikki"]
[Result "0-1"]
[WhiteElo "1633"]
[BlackElo "1874"]
[EventDate "2017.11.13"]
[PlyCount "58"]

1.e4 e6 2.d4 d5 3.Nd2 Nf6 4.e5 Nfd7 5.Bd3 c5 6.c3 Nc6 7.Ne2 cxd4 8.cxd4 f6
9.exf6 Nxf6 10.Nf3 Bd6 11.O-O Qc7 12.Bg5 O-O 13.Qc2 h6 14.Bh4 Bd7 15.Bg3 
Rac8 16.Rac1 Qb8 17.Bxd6 Qxd6 18.Qd2 Ng4 19.h3 Rxf3 20.hxg4 Rf6 21.g5 hxg5
22.Qxg5 e5 23.dxe5 Nxe5 24.Rxc8+ Bxc8 25.Rc1 Bg4 26.Qe3 Rf3 27.Qg5 Rxd3 
28.f4 Qb6+ 29.Kf1 Bxe2+ 0-1

[Event "35th WCh U20 Girls"]
[Site "Tarvisio ITA"]
[Date "2017.11.25"]
[Round "11"]
[White "Zairbek Kyzy, Begimay"]
[Black "Bilguun, Bayaraa"]
[Result "1-0"]
[WhiteElo "1599"]
[BlackElo "1147"]
[EventDate "2017.11.13"]
[PlyCount "99"]

1.e4 c5 2.d4 cxd4 3.c3 dxc3 4.Nxc3 e5 5.Nf3 Nc6 6.Bc4 h6 7.O-O Nf6 8.Qe2 
Bc5 9.Bxf7+ Kxf7 10.Qc4+ Ke8 11.Qxc5 Qe7 12.Qe3 d6 13.h3 Be6 14.Rd1 Rd8 
15.b3 Rf8 16.Ba3 a6 17.Rac1 Kf7 18.Rd2 Rd7 19.Na4 Kg8 20.Rcd1 Ne8 21.Nb6 
Rd8 22.Nd5 Bxd5 23.exd5 Nb8 24.Nd4 Nc7 25.Ne6 Nxe6 26.dxe6 Qxe6 27.Bxd6 
Rfe8 28.Qb6 Rd7 29.Qc5 Red8 30.Qc4 Qxc4 31.bxc4 Nc6 32.c5 Kf7 33.Re1 b6 
34.Rde2 bxc5 35.Bxc5 Rd5 36.Bb6 Rb8 37.Bc7 Rbb5 38.f4 exf4 39.Bxf4 g5 40.
Bc1 Ra5 41.g4 Kg7 42.Bb2+ Kh7 43.Rf1 Ne5 44.a3 Kg6 45.Rf5 Nd7 46.Re6+ Kh7 
47.Re7+ Kg8 48.Rg7+ Kh8 49.Rxd7+ Kg8 50.Rg7+ 1-0

[Event "35th WCh U20 Girls"]
[Site "Tarvisio ITA"]
[Date "2017.11.25"]
[Round "11"]
[White "Figueroa Bernal, Julia Dennis"]
[Black "Braganza, Nadia"]
[Result "1-0"]
[WhiteElo "1690"]
[BlackElo "1536"]
[EventDate "2017.11.13"]
[PlyCount "103"]

1.e4 c5 2.Nf3 Nc6 3.d4 cxd4 4.Nxd4 g6 5.Nc3 Bg7 6.Be3 Nf6 7.Qd2 O-O 8.f3 
d6 9.g4 Ne8 10.O-O-O a5 11.h4 Ne5 12.Be2 Bd7 13.h5 Nf6 14.hxg6 fxg6 15.Bh6
Nf7 16.Bxg7 Kxg7 17.Nd5 e6 18.Nf4 Qe7 19.Bc4 e5 20.Nde6+ Bxe6 21.Nxe6+ Kg8
22.Nxf8 Qxf8 23.Qxd6 Qxd6 24.Rxd6 Kg7 25.Bxf7 Kxf7 26.g5 Nh5 27.Rd7+ Kg8 
28.Rxb7 Rf8 29.Rd1 Rxf3 30.Rd8+ Rf8 31.Rxf8+ Kxf8 32.Rxh7 Ng7 33.Rxg7 Kxg7
34.c3 Kf7 35.b4 axb4 36.cxb4 Ke6 37.Kd2 Kd6 38.Kc3 Kc6 39.a4 Kb6 40.Kc4 
Kc6 41.a5 Kb7 42.b5 Kc7 43.Kc5 Kb7 44.a6+ Kc7 45.b6+ Kb8 46.Kc6 Ka8 47.b7+
Kb8 48.a7+ Kxa7 49.Kc7 Ka6 50.b8=Q Ka5 51.Qb3 Ka6 52.Qb6# 1-0